Ben Nicholson. (Record no. 353289)

000 -LEADER
fixed length control field 00886 a2200277 4500
003 - CONTROL NUMBER IDENTIFIER
control field OSt
005 - DATE AND TIME OF LATEST TRANSACTION
control field 20180116192400.0
008 - FIXED-LENGTH DATA ELEMENTS--GENERAL INFORMATION
fixed length control field 120702t xxu||||| |||| 00| 0 eng d
020 ## - INTERNATIONAL STANDARD BOOK NUMBER
International Standard Book Number 0714837504 (pbk)
020 ## - INTERNATIONAL STANDARD BOOK NUMBER
International Standard Book Number 9780714837505
040 ## - CATALOGING SOURCE
Transcribing agency 0
082 ## - DEWEY DECIMAL CLASSIFICATION NUMBER
Classification number 759.2
100 ## - MAIN ENTRY--PERSONAL NAME
Personal name Lynton, Norbert.
9 (RLIN) 5131
245 ## - TITLE STATEMENT
Title Ben Nicholson.
250 ## - EDITION STATEMENT
Edition statement 2nd ed.
260 ## - PUBLICATION, DISTRIBUTION, ETC.
Place of publication, distribution, etc. London :
Name of publisher, distributor, etc. Phaidon,
Date of publication, distribution, etc. 1998.
300 ## - PHYSICAL DESCRIPTION
Extent 240p. :
Other physical details chiefly ill. ;
Dimensions 29cm.
500 ## - GENERAL NOTE
General note Previous ed.: 1991.
500 ## - GENERAL NOTE
General note Includes bibliographical references and index.
600 14 - SUBJECT ADDED ENTRY--PERSONAL NAME
Personal name Nicholson, Ben,
Dates associated with a name 1894-1982
General subdivision Criticism and interpretation.
9 (RLIN) 5132
650 0# - SUBJECT ADDED ENTRY--TOPICAL TERM
Topical term or geographic name entry element Painting, Modern
Chronological subdivision 20th century
Geographic subdivision England.
9 (RLIN) 5133
650 0# - SUBJECT ADDED ENTRY--TOPICAL TERM
Topical term or geographic name entry element Painting, English.
9 (RLIN) 5134
700 ## - ADDED ENTRY--PERSONAL NAME
Relator code Nicholson, Ben,
Dates associated with a name 1894-1982.
9 (RLIN) 5135
942 ## - ADDED ENTRY ELEMENTS (KOHA)
Institution code [OBSOLETE] SADA
Koha item type Book
Call number prefix 759.2 LYN 1998
Source of classification or shelving scheme
952 ## - LOCATION AND ITEM INFORMATION (KOHA)
-- BOOK
Holdings
Withdrawn status Lost status Source of classification or shelving scheme Damaged status Not for loan Permanent Location Current Location Date acquired Total Checkouts Full call number Barcode Date last seen Cost, replacement price Price effective from Koha item type
          School of Art Design and Architecture (SADA) School of Art Design and Architecture (SADA) 06/29/2011   759.2 LYN 1998 SADA0001447 08/05/2011 2688.00 08/05/2011 Book
© 2023 Central Library, National University of Sciences and Technology. All Rights Reserved.